<?xml version="1.0" encoding="UTF-8"?>
<record
    xmlns:xsi="http://www.w3.org/2001/XMLSchema-instance"
    xsi:schemaLocation="http://www.loc.gov/MARC21/slim http://www.loc.gov/standards/marcxml/schema/MARC21slim.xsd"
    xmlns="http://www.loc.gov/MARC21/slim">

  <leader>02025cam a22003974a 4500</leader>
  <controlfield tag="001">15865981</controlfield>
  <controlfield tag="003">OSt</controlfield>
  <controlfield tag="005">20150408114001.0</controlfield>
  <controlfield tag="008">111215s2009    enka     b    001 0 eng c</controlfield>
  <datafield tag="010" ind1=" " ind2=" ">
    <subfield code="a">  2009280624</subfield>
  </datafield>
  <datafield tag="015" ind1=" " ind2=" ">
    <subfield code="a">GBA8B3900</subfield>
    <subfield code="2">bnb</subfield>
  </datafield>
  <datafield tag="016" ind1="7" ind2=" ">
    <subfield code="a">014765202</subfield>
    <subfield code="2">Uk</subfield>
  </datafield>
  <datafield tag="020" ind1=" " ind2=" ">
    <subfield code="a">9780199278497 (hbk.)</subfield>
  </datafield>
  <datafield tag="020" ind1=" " ind2=" ">
    <subfield code="a">0199278490 (hbk.)</subfield>
  </datafield>
  <datafield tag="040" ind1=" " ind2=" ">
    <subfield code="a">UKM</subfield>
    <subfield code="c">MU</subfield>
  </datafield>
  <datafield tag="042" ind1=" " ind2=" ">
    <subfield code="a">pcc</subfield>
  </datafield>
  <datafield tag="082" ind1=" " ind2=" ">
    <subfield code="2">21</subfield>
    <subfield code="a">823.91209358</subfield>
    <subfield code="b">C S G</subfield>
  </datafield>
  <datafield tag="100" ind1="1" ind2=" ">
    <subfield code="a">Clingman, Stephen.</subfield>
    <subfield code="9">8644</subfield>
  </datafield>
  <datafield tag="245" ind1="1" ind2="4">
    <subfield code="a">The grammar of identity :</subfield>
    <subfield code="b">transnational fiction and the nature of the boundary /</subfield>
    <subfield code="c">Stephen Clingman.</subfield>
  </datafield>
  <datafield tag="260" ind1=" " ind2=" ">
    <subfield code="a">Oxford ;</subfield>
    <subfield code="a">New York :</subfield>
    <subfield code="b">Oxford University Press,</subfield>
    <subfield code="c">2009.</subfield>
  </datafield>
  <datafield tag="300" ind1=" " ind2=" ">
    <subfield code="a">xiv, 266 p. :</subfield>
    <subfield code="b">ill. ;</subfield>
    <subfield code="c">23 cm.</subfield>
  </datafield>
  <datafield tag="504" ind1=" " ind2=" ">
    <subfield code="a">Includes bibliographical references (p. [248]-259) and index.</subfield>
  </datafield>
  <datafield tag="505" ind1="0" ind2=" ">
    <subfield code="a">Waterways of the earth : Joseph Conrad : Nostromo, Lord Jim, Heart of darkness -- Route, constellation, faultline : Caryl Phillips : The nature of blood, A distant shore -- Combination, divination : Salman Rushdie : Midnight's children, The satanic verses -- Verticle and horizontal : Charlotte Bront&#xEB;, Jean Rhys, and Anne Michaels : Jane Eyre, Wide Sargasso Sea, Fugitive pieces -- Transfiction : W.G. Sebald : The emigrants, Vertigo, The rings of Saturn, Austerlitz -- Village, empire, desert : J.M. Coetzee and Nadine Gordimer : July's people, Waiting for the barbarians, The pickup -- Conclusion : the nature of the boundary.</subfield>
  </datafield>
  <datafield tag="650" ind1=" " ind2="0">
    <subfield code="a">English fiction</subfield>
    <subfield code="y">20th century</subfield>
    <subfield code="x">History and criticism.</subfield>
    <subfield code="9">7539</subfield>
  </datafield>
  <datafield tag="650" ind1=" " ind2="0">
    <subfield code="a">Transnationalism in literature.</subfield>
    <subfield code="9">8537</subfield>
  </datafield>
  <datafield tag="650" ind1=" " ind2="0">
    <subfield code="a">Globalization in literature.</subfield>
    <subfield code="9">8645</subfield>
  </datafield>
  <datafield tag="650" ind1=" " ind2="0">
    <subfield code="a">International relations in literature.</subfield>
    <subfield code="9">8646</subfield>
  </datafield>
  <datafield tag="650" ind1=" " ind2="0">
    <subfield code="a">Identity (Psychology) in literature.</subfield>
    <subfield code="9">8647</subfield>
  </datafield>
  <datafield tag="650" ind1="1" ind2="7">
    <subfield code="a">Kolonialisme.</subfield>
    <subfield code="2">gtt</subfield>
    <subfield code="9">8648</subfield>
  </datafield>
  <datafield tag="650" ind1="1" ind2="7">
    <subfield code="a">Postkolonialisme.</subfield>
    <subfield code="2">gtt</subfield>
    <subfield code="9">8649</subfield>
  </datafield>
  <datafield tag="650" ind1="1" ind2="7">
    <subfield code="a">Nationale identiteit.</subfield>
    <subfield code="2">gtt</subfield>
    <subfield code="9">8650</subfield>
  </datafield>
  <datafield tag="650" ind1="1" ind2="7">
    <subfield code="a">Romans.</subfield>
    <subfield code="2">gtt</subfield>
    <subfield code="9">7538</subfield>
  </datafield>
  <datafield tag="906" ind1=" " ind2=" ">
    <subfield code="a">7</subfield>
    <subfield code="b">cbc</subfield>
    <subfield code="c">pccadap</subfield>
    <subfield code="d">2</subfield>
    <subfield code="e">ncip</subfield>
    <subfield code="f">20</subfield>
    <subfield code="g">y-gencatlg</subfield>
  </datafield>
  <datafield tag="942" ind1=" " ind2=" ">
    <subfield code="2">ddc</subfield>
    <subfield code="c">DVD</subfield>
  </datafield>
  <datafield tag="999" ind1=" " ind2=" ">
    <subfield code="c">20072</subfield>
    <subfield code="d">254572</subfield>
  </datafield>
  <datafield tag="952" ind1=" " ind2=" ">
    <subfield code="1">0</subfield>
    <subfield code="2">2013-03-10</subfield>
    <subfield code="4">0</subfield>
    <subfield code="7">0</subfield>
    <subfield code="a">823.91209358 C S G</subfield>
    <subfield code="c">n 1</subfield>
    <subfield code="d">2011-12-15</subfield>
    <subfield code="h">IC</subfield>
    <subfield code="i">00100440</subfield>
    <subfield code="m">IC</subfield>
    <subfield code="r">2013-03-10 00:00:00</subfield>
    <subfield code="t">BOOK</subfield>
    <subfield code="w">ddc</subfield>
    <subfield code="y">0</subfield>
  </datafield>
  <datafield tag="952" ind1=" " ind2=" ">
    <subfield code="1">0</subfield>
    <subfield code="2">2013-03-10</subfield>
    <subfield code="4">0</subfield>
    <subfield code="7">0</subfield>
    <subfield code="a">823.91209358 C S G</subfield>
    <subfield code="c">n 2</subfield>
    <subfield code="d">2011-12-15</subfield>
    <subfield code="h">IC</subfield>
    <subfield code="i">00100441</subfield>
    <subfield code="m">IC</subfield>
    <subfield code="r">2013-03-10 00:00:00</subfield>
    <subfield code="t">BOOK</subfield>
    <subfield code="w">ddc</subfield>
    <subfield code="y">0</subfield>
  </datafield>
</record>
